| 000 | 00514nam a2200169Ia 4500 | ||
|---|---|---|---|
| 999 |
_c8332 _d8332 |
||
| 020 | _a9788182747241 | ||
| 082 | _a324.251 NAT; | ||
| 245 | 0 | _a18th National Congress of the Communist Party of China: a major turning point for China | |
| 260 |
_aNew Delhi _bPentagon Press _c2013 |
||
| 300 | _axiv, 341 | ||
| 650 | _aPOLITICAL PARTIES- CHINA | ||
| 650 | _aCOMMUNIST PARTY OF CHINA | ||
| 700 | _aKumar, Sanjeev | ||
| 700 | _aRanganathan, C.V. | ||
| 710 | _aIndian Council of World Affairs, New Delhi | ||
| 942 | _cBK | ||